Načítá se...

Speeches that changed the world

Podrobná bibliografie
Hlavní autor: Simon Sebag Montefiore
Médium: Printed Book
Jazyk:Undetermined
Vydáno: London 2010
Quercus
Vydání:Revised
Témata:
LEADER 00671nam a2200241Ia 4500
008 141122s9999 xx 000 0 und d
020 |a 9781848661271 
040 |c . 
041 |a English 
082 |a 80 
082 |b MON/SP 
100 |a Simon Sebag Montefiore 
245 |a Speeches that changed the world 
245 |c Simon Sebag Montefiore 
250 |a Revised  
260 |b London 
260 |b Quercus 
260 |c 2010 
300 |a 224 Pages 
650 |a Speeches 
942 |c BK 
999 |c 6764  |d 6764 
952 |0 0  |1 0  |4 0  |6 80_000000000000000_MONSP  |7 0  |9 6722  |a COVAS  |b COVAS  |d 0000-00-00  |l 5  |o 80 MON/SP  |p 22559  |r 2019-03-18  |s 2019-03-05  |w 2014-11-26  |y BK